Statistics for How hurricane categories are graded

Click here to take the quiz!

General Stats

  • This quiz has been taken 26 times
  • The average score is 7 of 7

Answer Stats

Wind speedAnswer% Correct
74-94 MPHCategory 1
100%
95-109 MPHCategory 2
100%
110-129 MPHCategory 3
100%
130-156 MPHCategory 4
100%
157 MPH+Category 5
100%
30-73 MPHTropical storm
96%
0-29 MPHTropical Depression
80%

Score Distribution

Percentile by Number Answered

Percent of People with Each Score

Your Score History

You have not taken this quiz